Korean arts / (Record no. 136325)

MARC details
000 -LEADER
fixed length control field 00602nam a22002057a 4500
010 ## - LIBRARY OF CONGRESS CONTROL NUMBER
LC control number 284260
035 ## - SYSTEM CONTROL NUMBER
System control number 284260
037 ## - SOURCE OF ACQUISITION
Source of stock number/acquisition Cen Lib / Ret
040 ## - CATALOGING SOURCE
Original cataloging agency DPL
Language of cataloging En
082 ## - DEWEY DECIMAL CLASSIFICATION NUMBER
Classification number 745.09519
Item number KIM
245 ## - TITLE STATEMENT
Title Korean arts /
Statement of responsibility, etc edied by Won-Yong Kim
260 ## - PUBLICATION, DISTRIBUTION, ETC. (IMPRINT)
Place of publication, distribution, etc Seoul
Name of publisher, distributor, etc Ministry of Public Information
Date of publication, distribution, etc 1963
270 ## - ADDRESS
Address Ministry of Public Information
City Seoul
300 ## - PHYSICAL DESCRIPTION
Extent (v 3. 224p)
Dimensions 27cm(Hb)
505 ## - FORMATTED CONTENTS NOTE
Formatted contents note v 3. Architecture
650 ## - SUBJECT ADDED ENTRY--TOPICAL TERM
Topical term or geographic name as entry element Art, Korean.
9 (RLIN) 142132
650 ## - SUBJECT ADDED ENTRY--TOPICAL TERM
Topical term or geographic name as entry element Arte (Asia)
9 (RLIN) 142133
700 ## - ADDED ENTRY--PERSONAL NAME
Personal name Kim, Won-Yong
9 (RLIN) 142134
942 ## - ADDED ENTRY ELEMENTS (KOHA)
Source of classification or shelving scheme Dewey Decimal Classification
Koha item type English Books
Classification part 745.09519
Call number suffix KIM
Holdings
Withdrawn status Lost status Materials specified (bound volume or other part) Damaged status Not for loan Home library Current library Date acquired Source of acquisition Total Checkouts Full call number Barcode Date last seen Copy number Price effective from Koha item type
    v 3     Central Library Central Library 23/03/2016 Cen Lib/Ret   745.09519 KIM 284260 23/03/2016 1 23/03/2016 English Books

© Delhi Public Library
Hit Counter
free hit counter